La dirección de personal en la empresa: guía sobre el comportamiento en las organizaciones / John W. Hunt (Registro nro. 856)

Detalles MARC
000 -LEADER
fixed length control field 00566nam a22002051a 4500
001 - CONTROL NUMBER
control field 856
003 - CONTROL NUMBER IDENTIFIER
control field OSt
005 - DATE AND TIME OF LATEST TRANSACTION
control field 20260204211712.0
008 - FIXED-LENGTH DATA ELEMENTS--GENERAL INFORMATION
fixed length control field 040114s1994||||mx ||||||b||||||||||spa||
020 ## - NUMERO DE LIBRO INTERNACIONAL NORMALIZADO
International Standard Book Number 8448101367
050 ## - LIBRARY OF CONGRESS CALL NUMBER
Classification number 658.3 H911d
082 ## - DEWEY DECIMAL CLASSIFICATION NUMBER
Classification number 658.3 H911d
100 ## - ASIENTO PRINCIPAL -- NOMBRE PERSONAL
Personal name Hunt, John W.
245 ## - TÍTULO PROPIAMENTE DICHO: SUBTÍTULO
Title La dirección de personal en la empresa: guía sobre el comportamiento en las organizaciones / John W. Hunt
264 ## - PRODUCTION, PUBLICATION, DISTRIBUTION, MANUFACTURE, AND COPYRIGHT NOTICE
Place of production, publication, distribution, manufacture México : McGraw-Hill
300 ## - PHYSICAL DESCRIPTION
Extensión 295 p.
500 ## - GENERAL NOTE
General note Incluye indice
650 ## - ASIENTO SECUNDARIO DE MATERIA -- TERMINO TEMÁTICO
Termino Temático Como Elemento de Entrada 1.Administración de PersonalÌ
942 ## - ADDED ENTRY ELEMENTS (KOHA)
Source of classification or shelving scheme Dewey Decimal Classification
Koha item type Libros
Existencias
Withdrawn status Lost status Source of classification or shelving scheme Damaged status Not for loan Current library Date acquired Total Checkouts Full call number Barcode Date last seen Price effective from Koha item type
    Dewey Decimal Classification     Biblioteca UTECO 09/09/2019   658.3 H911D 003759 09/09/2019 09/09/2019 Libros
    Dewey Decimal Classification     Biblioteca UTECO 09/09/2019   658.3 H911D 003760 09/09/2019 09/09/2019 Libros
    Dewey Decimal Classification     Biblioteca UTECO 09/09/2019   658.3 H911D 006720 09/09/2019 09/09/2019 Libros
© 2021 Derechos Reservados UTECO - Teléfono: +1 809-585-2291 - Correo electrónico: biblioteca@uteco.edu.do​  
Código postal 43000 ​​
Dirección: Avenida Universitaria No. 100, 
Cotuí, Provincia Sánchez Ramírez, República Dominicana - RNC: 404-00059-6